00323nam a22001097a 4500082001000000100003200010245008500042260002700127300001300154526001900167700002700186 aP-737 aCapt Muhammad Umair Shafqat aQuantifying User Delay on Freeway Work Zone Using VissimcMuhammad Umair Shafqat aRisalpur,bMCE,c2017. a48pbNil a0b0c0dP_737 aLt Col Dr Anwaar Ahmed